Statistiques concernant 15 principaux pays touchés par Covid-19 - 14 juillet

Cliquez ici pour prendre le quiz!

Statistiques générales

  • Ce quiz a été pris 20 fois
  • Le résultat moyen est 10 sur 25

Statistiques - réponses

pays% Correct
Etats-Unis
83%
Espagne
78%
Italie
78%
Royaume-Uni
78%
Brésil
67%
Inde
61%
Iran
61%
Mexique
61%
Russie
61%
Chili
50%
Chili
50%
Suède
50%
Pérou
44%
Pakistan
33%
Turquie
33%
Afrique du Sud
22%
Arabie Saoudite
11%
Biélorussie
11%
Singapour
11%
Arménie
6%
Bahreïn
6%
Oman
6%
Panama
6%
Qatar
6%
Koweït
0%

Distribution des résultats

Percentile par nombre de réponses

% des personnes avec chaque résultat

Votre développement - résultats

Vous n’avez pas pris ce quiz